|
|
|
|
| LEADER |
00000naa0a2200000 4500 |
| 001 |
597790 |
| 005 |
20250212163146.0 |
| 035 |
|
|
|a (RuTPU)RU\TPU\tpu\21167
|
| 035 |
|
|
|a RU\TPU\tpu\17283
|
| 090 |
|
|
|a 597790
|
| 100 |
|
|
|a 20120430d2007 k y0rusy50 ca
|
| 101 |
0 |
|
|a rus
|
| 102 |
|
|
|a RU
|
| 200 |
1 |
|
|a Компьютерное моделирование каталитического риформинга с непрерывной регенерацией катализатора
|f А. Л. Абрамин [и др.]
|
| 320 |
|
|
|a Библиогр.: 2 назв.
|
| 330 |
|
|
|a На основе математической модели была разработана компьютерная программа, предназначенная для: расчета основных показателей качества катализата при постоянстве технологических параметров эксплуатации установки получения высокооктановых моторных топлив: прогнозирования технологических параметров и длительности срока эксплуатации в зависимости от качества сырья и требований, предъявляемых к вырабатываемому катализату
|
| 333 |
|
|
|a В фонде НТБ ТПУ отсутствует
|
| 463 |
|
|
|t Нефтегазопереработка и нефтехимия - 2007
|o материалы Международной научно-практической конференции, Уфа, 22 мая, 2007, проводимой в рамках 7 Конгресса нефтегазопромышленников России и 15 Международной специализированной выставки "Газ. Нефть. Технологии-2007"
|v С. 349-351
|d 2007
|
| 610 |
1 |
|
|a труды учёных ТПУ
|
| 701 |
|
1 |
|a Абрамин
|b А. Л.
|
| 701 |
|
1 |
|a Кравцов
|b А. В.
|c химик-технолог
|c профессор-консультант Томского политехнического университета, доктор технических наук
|f 1938-
|g Анатолий Васильевич
|3 (RuTPU)RU\TPU\pers\19827
|
| 701 |
|
1 |
|a Иванчина
|b Э. Д.
|c химик
|c профессор Томского политехнического университета, доктор технических наук
|f 1951-
|g Эмилия Дмитриевна
|3 (RuTPU)RU\TPU\pers\24966
|
| 701 |
|
1 |
|a Гынгазова
|b М. С.
|c химик-технолог
|c ассистент кафедры химической технологии топлива и химической кибернетики Томского политехнического университета
|g Мария Сергеевна
|3 (RuTPU)RU\TPU\pers\28433
|
| 801 |
|
1 |
|a RU
|b 63413507
|c 20100312
|
| 801 |
|
2 |
|a RU
|b 63413507
|c 20140521
|g RCR
|
| 942 |
|
|
|c BK
|